• 首页
  • 本馆介绍
  • 公告通知
  • 最新文献
  • 馆藏检索
  • 电子资源
  • 读者导购
  • 参考咨询
  • 我的图书馆
  • 登录
  • 详细信息显示
  • 放入我的书架
  • 预约/预借图书
  • 作者相关作品
  • 分类相关作品
  • 丛书相关作品
  • 出版社相关作品

书目信息

  • 表格格式
  • 工作单格式
  • 卡片格式
题名:
轻松玩转电脑组装与维修
    
 
作者: 罗亮 , 张应梅 , 刘金广 编著
分册:  
出版信息: 北京   电子工业出版社  2019
页数: 14,306页
开本: 24cm
丛书名:
单 册:
中图分类: TP30 , TP306.3
科图分类:
主题词: 电子计算机--组装 , 计算机维护
电子资源:
ISBN: 978-7-121-35937-8
000 00890nam0 2200265 450
001 2441629920
005 20240106113426.96
010    @a978-7-121-35937-8@dCNY99.00
100    @a20190806d2019 em y0chiy50 ea
101 0  @achi
102    @aCN@b110000
105    @aa z 000yy
200 1  @a轻松玩转电脑组装与维修@Aqing song wan zhuan dian nao zu zhuang yu wei xiu@f罗亮,张应梅,刘金广编著
210    @a北京@c电子工业出版社@d2019
215    @a14,306页@c图@d24cm
330    @a本书分十八章,内容包括:电脑组装基础、选购电脑核心硬件、选购电脑其他硬件、电脑组装实战、硬盘分区、硬件检测与性能评测等。
606 0  @a电子计算机@x组装
606 0  @a计算机维护
690    @aTP30@v5
690    @aTP306.3@v5
701  0 @a罗亮@Aluo liang@4编著
701  0 @a张应梅@Azhang ying mei@4编著
701  0 @a刘金广@Aliu jin guang@4编著
801  0 @aCN@b91MARC@c20190911
905    @aZUCC@dTP30@e60
    
    轻松玩转电脑组装与维修/罗亮,张应梅,刘金广编著.-北京:电子工业出版社,2019
    14,306页:图;24cm
    
    
    ISBN 978-7-121-35937-8:CNY99.00
    本书分十八章,内容包括:电脑组装基础、选购电脑核心硬件、选购电脑其他硬件、电脑组装实战、硬盘分区、硬件检测与性能评测等。
●
相关链接 在五车中查询图书 在当当中查询图书 在豆瓣中查询图书


正题名:轻松玩转电脑组装与维修     索取号:TP30/60         预约/预借

序号 登录号 条形码 馆藏地/架位号 状态 备注
1 2001735221   2001735221   辽宁北方(第一批)/辽宁北方(第一批)/460/ [索取号:TP30/60] 在馆    
2 2001735222   2001735222   辽宁北方(第一批)/辽宁北方(第一批)/460/ [索取号:TP30/60] 在馆    
3 2001735223   2001735223   辽宁北方(第一批)/辽宁北方(第一批)/460/ [索取号:TP30/60] 在馆    
4 2001735224   2001735224   辽宁北方(第一批)/辽宁北方(第一批)/460/ [索取号:TP30/60] 在馆    
5 2001735225   2001735225   辽宁北方(第一批)/辽宁北方(第一批)/460/ [索取号:TP30/60] 在馆    
6 2001735226   2001735226   辽宁北方(第一批)/辽宁北方(第一批)/460/ [索取号:TP30/60] 在馆    
山东省滨州职业学院图书馆 欢迎您!
大连网信软件有限公司© 版权所有